August 30th: Birthdays - Statistics

General Stats
  • This quiz has been taken 4 times
  • The average score is 4 of 11
Answer Stats
Year Clue Answer % Correct
1972 Actress in Shrek Cameron Diaz
100%
1797 Frankenstein Author Mary Shelley
75%
1898 Actress in Hazel Shirley Booth
75%
1930 World's wealthiest person in 2008 Warren Buffet
50%
1954 President of Belarus Alexander Lukashenko
25%
1871 Father of nuclear physics Ernest Rutherford
25%
1943 Author of Fritz the Cat Robert Crumb
25%
1918 Last player in MLB to bat over .400 in a season Ted Williams
25%
1982 U.S. Open Champion Andy Roddick
0%
1923 Won Wimbledon 1953 Vic Seixas
0%
1334 King of Castille and Leon Peter the Cruel
0%
No matching quizzes found
Score Distribution
Percent of People with Each Score
Percentile by Number Answered
Your Score History
You have not taken this quiz